Statistics for Countries by Coronavirus (COVID-19) Cases

Click here to take the quiz!

General Stats

  • This quiz has been taken 118 times
    (3 since last reset)
  • The average score is 17 of 20

Answer Stats

CasesCountry% Correct
33,180,000United States
100%
3,425,000Germany
100%
1,634,000Indonesia
100%
2,083,000Mexico
100%
2,348,000Iran
100%
2,893,000Colombia
100%
19,925,000India
100%
3,005,000Argentina
100%
3,524,000Spain
100%
4,044,000Italy
100%
4,420,000United Kingdom
100%
4,823,000Russia
100%
4,875,000Turkey
100%
5,652,000France
100%
14,754,000Brazil
100%
1,677,000Peru
67%
1,507,000South Africa
67%
2,803,000Poland
33%
1,810,000Ukraine
33%
1,584,000Czech Republic
33%

Score Distribution

Percentile by Number Answered

Percent of People with Each Score

Your Score History

You have not taken this quiz since the last reset